MARC details
| 000 -CABECERA |
| campo de control de longitud fija |
00888nam a2200217 a 4500 |
| 001 - NÚMERO DE CONTROL |
| campo de control |
000041075 |
| 005 - FECHA Y HORA DE LA ÚLTIMA TRANSACCIÓN |
| campo de control |
20201002034610.0 |
| 008 - DATOS DE LONGITUD FIJA--INFORMACIÓN GENERAL |
| campo de control de longitud fija |
130917s1991 sp 001 0 spa d |
| 020 ## - NÚMERO INTERNACIONAL ESTÁNDAR DEL LIBRO |
| Número Internacional Estándar del Libro |
8400071166 |
| 040 ## - FUENTE DE LA CATALOGACIÓN |
| Centro catalogador/agencia de origen |
DO-SdBNP |
| Lengua de catalogación |
spa |
| Centro/agencia transcriptor |
BNPHU |
| 100 1# - ENTRADA PRINCIPAL--NOMBRE DE PERSONA |
| Nombre de persona |
Steiger, Arnold |
| 9 (RLIN) |
67578 |
| 245 10 - MENCIÓN DE TÍTULO |
| Título |
Contribución a la fonética del hispano-árabe y de los arabismos en el ibero-románico y el siciliano / |
| Mención de responsabilidad, etc. |
Arnald Steiger. |
| 260 ## - PUBLICACIÓN, DISTRIBUCIÓN, ETC. |
| Lugar de publicación, distribución, etc. |
Madrid : |
| Nombre del editor, distribuidor, etc. |
Consejo Superior de Invesigaciones Científicas, |
| Fecha de publicación, distribución, etc. |
1991. |
| 300 ## - DESCRIPCIÓN FÍSICA |
| Extensión |
519 p. ; |
| Dimensiones |
25 cm. |
| 490 1# - MENCIÓN DE SERIE |
| Mención de serie |
Biblioteca de Filología Hispánica ; |
| Designación de volumen o secuencia |
2 |
| 500 ## - NOTA GENERAL |
| Nota general |
Textos en es español, italiano, dialectos |
| 504 ## - NOTA DE BIBLIOGRAFÍA, ETC. |
| Nota de bibliografía, etc. |
Bibliografía : p. 16-35 |
| 504 ## - NOTA DE BIBLIOGRAFÍA, ETC. |
| Nota de bibliografía, etc. |
Incluye referencia bibliográficos y notas al pie de las páginas |
| 710 2# - PUNTO DE ACCESO ADICIONAL--NOMBRE DE ENTIDAD CORPORATIVA |
| Nombre de entidad corporativa o nombre de jurisdicción como elemento de entrada |
Consejo Superior de Invesigaciones Científicas |
| 9 (RLIN) |
67474 |
| 830 #0 - PUNTO DE ACCESO ADICIONAL DE SERIE-TÍTULO UNIFORME |
| Título uniforme |
Biblioteca de Filología Hispánica |
| Número de parte o sección de la obra |
2 |
| 9 (RLIN) |
67579 |